EGLO Magyarország Kft. költséggazdálkodás elemzésének bemutatása a logisztika területén

Bibliográfiai részletek
Szerző: Csonkáné Makovnyik Lejla
További közreműködők: Katz György
Dokumentumtípus: Projektmunka
Kulcsszavak:Költséggazdálkodás
logisztika
EGLO Magyarország Kft.
elemzés
Online Access:http://dolgozattar.uni-bge.hu/11650

MARC

LEADER 00000nnm a2200000 i 4500
001 dolg11650
005 20170623125644.0
008 170517suuuu hu o 000 hun d
040 |a BGE Dolgozattár Repozitórium  |b hun 
041 |a hu 
100 1 |a Csonkáné Makovnyik Lejla 
245 1 0 |a EGLO Magyarország Kft. költséggazdálkodás elemzésének bemutatása a logisztika területén  |c Csonkáné Makovnyik Lejla  |h [elektronikus dokumentum] 
516 |a Project_work 
695 |a Költséggazdálkodás 
695 |a logisztika 
695 |a EGLO Magyarország Kft. 
695 |a elemzés 
700 1 |a Katz György  |e ths 
856 4 0 |u http://dolgozattar.uni-bge.hu/11650/1/Projektmunka.pdf  |z Dokumentum-elérés